000 00267 a2200109 4500
020 _a9789332584921
100 _aGeorge E. Rejda, Michael McNamara
245 _aPrinciples of risk management and insurance
250 _a13th
260 _bPearson
_c2026
942 _cOO
999 _c115392
_d115391